Human ecology.

Bibliographic Details
Main Author: Quinn, James A. (James Alfred), 1895-
Format: Book
Language:English
Published: New York : Prentice-Hall, 1950.
Series:Prentice-Hall sociology series.
Subjects:

MARC

Tag First Indicator Second Indicator Subfields
LEADER 00000cam a2200000 4500
001 in00000056609
005 20151008050340.0
008 720321s1950 nyu b 00000 eng
010 |a  50007862  
035 |a (OCoLC)00268580 
035 |9 AAG0577AM 
040 |a DLC  |c CSU  |d TXA  |d UtOrBLW 
049 |a TXAM  |c [194857] 
050 0 |a H91  |b .Q43 
092 |a 301  |b Q7h 
100 1 |a Quinn, James A.  |q (James Alfred),  |d 1895- 
245 1 0 |a Human ecology. 
264 1 |a New York :  |b Prentice-Hall,  |c 1950. 
300 |a xii, 561p :  |b maps,diagrams ;  |c 23cm. 
336 |a text  |b txt  |2 rdacontent 
337 |a unmediated  |b n  |2 rdamedia 
338 |a volume  |b nc  |2 rdacarrier 
490 1 |a Prentice-Hall sociology series 
504 |a Includes bibliographies. 
650 0 |a Human ecology. 
830 0 |a Prentice-Hall sociology series. 
999 |a MARS 
999 f f |s bf16284c-0664-3b56-9e40-abe1a9039b7d  |i d9250895-f285-3f4a-af00-e44e37f6e2c1  |t 0 
952 f f |p ric  |a Texas A&M University  |b Rellis Campus  |c Joint Library Facility  |d Remote Storage  |t 0  |e H91 .Q43  |h Library of Congress classification  |i unmediated -- volume  |m A14800634042 
998 f f |a H91 .Q43  |t 0  |l Remote Storage